| 000 | 00835nam a22002417a 4500 | ||
|---|---|---|---|
| 005 | 20180803165549.0 | ||
| 008 | 140516b2013 ck ||||| |||| 00| 0 spa d | ||
| 020 | _a9789584630377 | ||
| 041 | _aspa | ||
| 044 | _ack | ||
| 082 |
_a577 _bP94p |
||
| 100 | 1 | 0 |
_aPrieto, Camilo _924082 |
| 245 | 1 | 3 |
_aEl Perro a Cuadros _cCamilo Prieto |
| 260 |
_aBogotá _bInstituto Latinoamericano de Liderazgo _c2013 |
||
| 300 |
_a254 p. _c21 cm. |
||
| 504 | _aIncluye bibliografía (pag 250-254) | ||
| 520 | _aHablar del medio ambiente es, en este tiempo, un evento muy común. En los informativos se habla del calentamiento global, del CO2 y del aire contaminado de las ciudades | ||
| 650 |
_aSociología _916645 |
||
| 650 |
_aEcología _992250 |
||
| 650 |
_aEcología humana _924084 |
||
| 650 | 1 | 6 |
_aRecursos naturale _924085 |
| 942 |
_2ddc _cImpreso |
||
| 999 |
_c8429 _d8429 |
||